| 000 | 00636nam a22001937a 4500 | ||
|---|---|---|---|
| 999 |
_c171104 _d171104 |
||
| 005 | 20200106170419.0 | ||
| 010 | _aA-842086 | ||
| 020 |
_c18.00 _a- |
||
| 035 | _aA-842086 | ||
| 037 |
_bDBAD/PUB _a- |
||
| 082 | _a841.08 | ||
| 100 | _aآ ل ا حمد سر و ر | ||
| 245 |
_aجد يد يت ا و ر ا قبا ل _cآ ل ا حمد سر و ر |
||
| 246 |
_bJadeediat Aur Iqbal (Urdu) _aby Prof.Al Ahmed Saroor |
||
| 260 |
_aKashmir _bIqbal Institute _c1985ء |
||
| 270 |
_aMaktaba Jamia Ltd.Patodi House,Darya Ganj _bN.Delhi _e2 _k- _l- |
||
| 300 |
_a124 ص _c22 Cm(Hb) |
||
| 942 |
_2ddc _cUR _h841.08 _mا ق ب |
||